000 02355cam a22003255i 4500
999 _c28073
_d28044
001 20593967
003 EG-ScBUE
005 20200212152921.0
008 180717s2019 enk f b 001 0 eng d
020 _a9780815382997 (softcover)
040 _aLBSOR/DLC
_beng
_erda
_cLBSOR
_dDLC
_dEG-ScBUE
082 0 4 _a791.430232
_bSEG
_222
100 1 _aSeger, Linda,
_eauthor.
245 1 4 _aThe collaborative art of filmmaking :
_bfrom script to screen /
_cLinda Seger.
250 _aThird edition.
264 1 _aAbingdon, oxon ;
_aNew York :
_bRoutledge / Taylor & Francis Group :
_bA Focal Press Book / Taylor & Francis Group,
_c2019.
300 _axvi, 220 pages ;
_c25 cm
336 _atext
_btxt
_2rdacontent
337 _aunmediated
_bn
_2rdamedia
338 _avolume
_bnc
_2rdacarrier
500 _a"First and Second edition by Linda Seger and Edward Jay Whetmore"-- Cover title.
504 _aIncludes bibliographical references and index.
505 0 _aDoing the write thing -- The producer and the long run -- The director : from vision to action -- The actor and "the kindness of strangers" -- Behind the scenes : ready on the set -- The editor : a way of seeing -- The composer : translating emotions -- The audience : the last collaborator.
520 _a"The Collaborative Art of Filmmaking: From Script to Screen explores what goes into the making of Hollywood's greatest motion pictures. Join veteran script consultant Linda Seger as she examines contemporary and classic screenplays on their perilous journey from script to screen. This fully revised and updated edition includes interviews with over 80 well-known artists in their fields including writers, producers, directors, actors, editors, composers, and production designers. Their discussions about the art and craft and filmmaking - including how and why they make their decisions - provides filmmaking and screenwriting students and professionals with the ultimate guide to creating the best possible 'blueprint' for a film and to also fully understand the artistic and technical decisions being made by all those involved in the process"--
_cProvided by publisher.
650 7 _aMotion pictures
_xProduction and direction.
_2BUEsh
653 _bCOMAME
_cFebruary2020
942 _2ddc
_cBB